000 00515nam a2200217Ia 4500
003 OSt
005 20221005122842.0
006 a|||||r|||| 00| 0
007 ta
008 221004b |||||||| |||| 00| 0 eng d
024 _a119089
037 _cTextual
040 _aCRL
_cCRL
_beng
041 _2eng
_aeng
100 _aSathi Niranjan singh
_9632730
245 0 _aKathnavali
260 _c1973
650 _aPUNJABI LITERATURE
942 _cTEXL
_2cc
999 _c1045612
_d1045612